Cieľové programy rozvoja poľnohospodársko-priemyselného komplexu

Na minha lista:
Detalhes bibliográficos
Autor principal: Uzun, V.
Formato: Livro
Idioma:eslovaco
Publicado em: Bratislava Príroda 1986
Edição:1. vyd.
Tags: Adicionar Tag
Sem tags, seja o primeiro a adicionar uma tag!

MARC

LEADER 00000nam a2200000 4500
001 c028385
005 20230323125849.3
041 0 |a slo 
044 |a SK 
245 1 0 |a Cieľové programy rozvoja poľnohospodársko-priemyselného komplexu  |c V. Uzun 
250 |a 1. vyd. 
264 1 |a Bratislava  |b Príroda  |c 1986 
300 |a 155 s. 
100 1 |a Uzun, V.